000 00580nam a2200217 a 4500
008
020 _a8121916623 (pbk.)
049 _aMAIN
090 _aTA645
_bBAR
100 _aBari, S.A.
245 _aElements of structural analysis /
_cS. A. Bari
260 _aNew Delhi :
_bS. Chand,
_c1997.
300 _axv, 495 p. ;
_c22 cm.
500 _aIncludes index.
650 _aStructural analysis.
907 _a.b10099864
_b21-10-19
_c02-12-03
003
005 20230123133528.0
040 _cNUST
942 _cBOOKS
_kTA645
_mBAR
999 _c150171
_d150171